[Event "Russian Team Championships 2014 (men)"]
[Site "Sochi (Loo)"]
[Date "2014.04.09"]
[Round "3.8"]
[White "Dreev, Aleksey"]
[Black "Alekseev, Evgeny"]
[Result "1/2-1/2"]
[LiveChessVersion "1.4.2"]
[BlackElo "2678"]
[WhiteElo "2670"]
[BlackTeam "Universitet"]
[WhiteTeam "Ladja"]

1. d4 {[%clk 1:30:58]} Nf6 {[%clk 1:30:55]} 2. c4 {[%clk 1:31:18]} e6
{[%clk 1:31:14]} 3. Nc3 {[%clk 1:31:40]} Bb4 {[%clk 1:31:20]} 4. Qc2
{[%clk 1:32:03]} O-O {[%clk 1:31:04]} 5. a3 {[%clk 1:32:17]} Bxc3+
{[%clk 1:30:59]} 6. Qxc3 {[%clk 1:32:41]} b6 {[%clk 1:31:11]} 7. Bg5
{[%clk 1:32:52]} Bb7 {[%clk 1:31:07]} 8. e3 {[%clk 1:33:16]} d6 {[%clk 1:30:39]}
9. Ne2 {[%clk 1:33:38]} Nbd7 {[%clk 1:30:45]} 10. Qc2 {[%clk 1:34:00]} c5
{[%clk 1:30:10]} 11. Rd1 {[%clk 1:34:22]} Qe7 {[%clk 1:28:31]} 12. dxc5
{[%clk 1:34:28]} bxc5 {[%clk 1:25:47]} 13. Nc3 {[%clk 1:32:47]} Rfd8
{[%clk 1:21:39]} 14. f3 {[%clk 1:17:04]} Ne5 {[%clk 1:15:04]} 15. Be2
{[%clk 1:11:34]} d5 {[%clk 1:11:15]} 16. O-O {[%clk 0:55:51]} h6 {[%clk 1:03:46]}
17. Bh4 {[%clk 0:53:36]} Nxc4 {[%clk 0:53:09]} 18. Bxc4 {[%clk 0:52:39]} dxc4
{[%clk 0:53:26]} 19. Qa4 {[%clk 0:48:52]} g5 {[%clk 0:52:22]} 20. Bf2
{[%clk 0:43:43]} Nd7 {[%clk 0:51:22]} 21. Bg3 {[%clk 0:37:48]} Nb6
{[%clk 0:49:22]} 22. Qc2 {[%clk 0:35:49]} Nd5 {[%clk 0:48:17]} 23. Rfe1
{[%clk 0:33:30]} Nxc3 {[%clk 0:32:28]} 24. Qxc3 {[%clk 0:33:35]} Rxd1
{[%clk 0:32:47]} 25. Rxd1 {[%clk 0:34:00]} Rd8 {[%clk 0:33:12]} 26. Rxd8+
{[%clk 0:32:08]} Qxd8 {[%clk 0:33:39]} 27. h3 {[%clk 0:30:41]} h5
{[%clk 0:18:52]} 28. Qxc4 {[%clk 0:25:40]} Qd5 {[%clk 0:15:15]} 29. Qxd5
{[%clk 0:07:58]} Bxd5 {[%clk 0:11:07]} 30. e4 {[%clk 0:07:24]} Bc6
{[%clk 0:10:53]} 31. Bf2 {[%clk 0:04:30]} f5 {[%clk 0:10:59]} 32. exf5
{[%clk 0:04:10]} exf5 {[%clk 0:11:25]} 33. Bxc5 {[%clk 0:04:35]} a5
{[%clk 0:10:13]} 34. b3 {[%clk 0:03:49]} Bd5 {[%clk 0:07:45]} 35. b4
{[%clk 0:04:05]} axb4 {[%clk 0:08:12]} 36. axb4 {[%clk 0:03:55]} Bc6
{[%clk 0:07:01]} 37. h4 {[%clk 0:03:39]} g4 {[%clk 0:06:11]} 38. Kf2
{[%clk 0:03:53]} gxf3 {[%clk 0:05:04]} 39. gxf3 {[%clk 0:04:08]} Kf7
{[%clk 0:05:23]} 40. Ke3 {[%clk 0:34:31]} Ke6 {[%clk 0:35:46]} 41. Kf4
{[%clk 0:34:37]} Bd5 {[%clk 0:35:32]} 42. b5 {[%clk 0:34:47]} Bb7
{[%clk 0:35:41]} 43. b6 {[%clk 0:35:04]} Bc6 {[%clk 0:36:00]} 44. Bf2
{[%clk 0:35:18]} Bb7 {[%clk 0:36:13]} 45. Ke3 {[%clk 0:35:40]} Bc6
{[%clk 0:36:20]} 46. Ke4 {[%clk 0:35:05]} Ke5+ {[%clk 0:36:20]} 1/2-1/2

[Event "Russian Team Championships 2014 (men)"]
[Site "Sochi (Loo)"]
[Date "2014.04.09"]
[Round "3.11"]
[White "Tregubov, Pavel V."]
[Black "Timofeev, Artyom"]
[Result "1/2-1/2"]
[LiveChessVersion "1.4.2"]
[BlackElo "2610"]
[WhiteElo "2620"]
[BlackTeam "Ladja"]
[WhiteTeam "Universitet"]

1. d4 {[%clk 1:30:58]} Nf6 {[%clk 1:30:52]} 2. c4 {[%clk 1:31:24]} g6
{[%clk 1:31:13]} 3. g3 {[%clk 1:31:48]} Bg7 {[%clk 1:31:36]} 4. Bg2
{[%clk 1:32:13]} d5 {[%clk 1:31:57]} 5. cxd5 {[%clk 1:32:39]} Nxd5
{[%clk 1:32:20]} 6. e4 {[%clk 1:33:04]} Nb4 {[%clk 1:32:23]} 7. d5
{[%clk 1:33:20]} c6 {[%clk 1:32:36]} 8. a3 {[%clk 1:33:41]} Qa5 {[%clk 1:32:26]}
9. Nc3 {[%clk 1:34:03]} cxd5 {[%clk 1:32:44]} 10. Bf4 {[%clk 1:34:14]} N4c6
{[%clk 1:32:55]} 11. exd5 {[%clk 1:34:35]} Nd4 {[%clk 1:33:01]} 12. Nf3
{[%clk 1:34:33]} Bg4 {[%clk 1:33:19]} 13. O-O {[%clk 1:34:16]} O-O
{[%clk 1:33:36]} 14. Re1 {[%clk 1:34:14]} Re8 {[%clk 1:33:50]} 15. Be5
{[%clk 1:29:20]} Bxe5 {[%clk 1:33:39]} 16. Rxe5 {[%clk 1:29:45]} Nf5
{[%clk 1:33:47]} 17. h3 {[%clk 1:25:49]} Bxf3 {[%clk 1:33:58]} 18. Qxf3
{[%clk 1:26:10]} Nd7 {[%clk 1:31:43]} 19. Rxf5 {[%clk 1:17:28]} gxf5
{[%clk 1:32:00]} 20. Qxf5 {[%clk 1:17:52]} Nf6 {[%clk 1:21:20]} 21. Rd1
{[%clk 0:59:55]} Qb6 {[%clk 1:15:42]} 22. Rd2 {[%clk 0:53:37]} Rad8
{[%clk 1:15:31]} 23. h4 {[%clk 0:39:47]} Qd6 {[%clk 1:05:41]} 24. Rd4
{[%clk 0:37:00]} Kh8 {[%clk 1:03:07]} 25. g4 {[%clk 0:33:28]} Rf8
{[%clk 1:02:57]} 26. Rb4 {[%clk 0:27:04]} Qd7 {[%clk 0:59:35]} 27. Qf4
{[%clk 0:24:52]} a5 {[%clk 0:57:42]} 28. Ra4 {[%clk 0:16:48]} b5 {[%clk 0:53:45]}
29. Rd4 {[%clk 0:15:09]} Qd6 {[%clk 0:49:32]} 30. Qxd6 {[%clk 0:13:56]} Rxd6
{[%clk 0:49:56]} 31. Nxb5 {[%clk 0:13:04]} Rb6 {[%clk 0:50:18]} 32. a4
{[%clk 0:10:52]} Rd8 {[%clk 0:49:08]} 33. g5 {[%clk 0:08:30]} Ne8
{[%clk 0:49:27]} 34. Re4 {[%clk 0:04:09]} Nd6 {[%clk 0:44:55]} 35. Rxe7
{[%clk 0:04:14]} Nxb5 {[%clk 0:45:14]} 36. axb5 {[%clk 0:04:40]} Kg7
{[%clk 0:45:36]} 37. Bf1 {[%clk 0:01:26]} Rxd5 {[%clk 0:45:56]} 38. Bc4
{[%clk 0:01:13]} Rf5 {[%clk 0:44:29]} 39. Ra7 {[%clk 0:01:15]} Rf4
{[%clk 0:38:35]} 40. b3 {[%clk 0:31:02]} a4 {[%clk 1:05:12]} 41. Rxa4
{[%clk 0:30:13]} Rxh4 {[%clk 1:05:19]} 42. Bf1 {[%clk 0:23:34]} Rh5
{[%clk 1:04:51]} 43. f4 {[%clk 0:23:57]} Rb7 {[%clk 1:00:17]} 44. Kg2
{[%clk 0:23:27]} h6 {[%clk 1:00:23]} 45. Be2 {[%clk 0:17:35]} Rh4
{[%clk 1:00:40]} 46. gxh6+ {[%clk 0:16:54]} Rxh6 {[%clk 1:00:59]} 47. Bc4
{[%clk 0:17:09]} Rhb6 {[%clk 0:52:24]} 48. Kf3 {[%clk 0:16:48]} Rxb5
{[%clk 0:51:40]} 49. Bxb5 {[%clk 0:17:12]} Rxb5 {[%clk 0:52:06]} 50. b4
{[%clk 0:17:16]} Kf6 {[%clk 0:52:29]} 51. Ke4 {[%clk 0:17:40]} Ke7
{[%clk 0:52:44]} 52. Kd4 {[%clk 0:17:45]} Kd6 {[%clk 0:52:40]} 53. Ra6+
{[%clk 0:13:29]} Kd7 {[%clk 0:53:02]} 54. Ra7+ {[%clk 0:13:49]} Kd6
{[%clk 0:53:24]} 55. Ra4 {[%clk 0:14:07]} Kd7 {[%clk 0:53:18]} 56. Ke4
{[%clk 0:13:57]} Ke6 {[%clk 0:53:29]} 57. Kf3 {[%clk 0:14:15]} Kf6
{[%clk 0:53:46]} 58. Kg3 {[%clk 0:14:30]} Kg7 {[%clk 0:54:08]} 59. Kf2
{[%clk 0:13:09]} Kf6 {[%clk 0:54:29]} 60. Kf3 {[%clk 0:13:34]} Ke6
{[%clk 0:54:28]} 61. Kg4 {[%clk 0:13:55]} Kf6 {[%clk 0:54:23]} 62. f5
{[%clk 0:11:11]} Rb6 {[%clk 0:54:33]} 63. Kf4 {[%clk 0:11:35]} Rb5
{[%clk 0:54:56]} 64. Ra6+ {[%clk 0:11:20]} Ke5+ 65. Ke4+ 1/2-1/2

[Event "Russian Team Championships 2014 (men)"]
[Site "Sochi (Loo)"]
[Date "2014.04.09"]
[Round "3.19"]
[White "Nepomniachtchi, Ian"]
[Black "Smirnov, Pavel"]
[Result "1/2-1/2"]
[LiveChessVersion "1.4.2"]
[BlackElo "2624"]
[WhiteElo "2732"]
[BlackTeam "Politekhnik"]
[WhiteTeam "SHSM-Nashe nasledie"]

1. e4 {[%clk 1:30:51]} c5 {[%clk 1:30:42]} 2. Nf3 {[%clk 1:31:14]} d6
{[%clk 1:31:08]} 3. Bb5+ {[%clk 1:31:20]} Nd7 {[%clk 1:31:29]} 4. O-O
{[%clk 1:31:44]} Ngf6 {[%clk 1:30:57]} 5. d4 {[%clk 1:31:37]} cxd4
{[%clk 1:31:20]} 6. Qxd4 {[%clk 1:32:00]} a6 {[%clk 1:31:44]} 7. Bxd7+
{[%clk 1:31:35]} Bxd7 {[%clk 1:32:08]} 8. c4 {[%clk 1:28:47]} e5 {[%clk 1:28:34]}
9. Qd3 {[%clk 1:29:04]} b5 {[%clk 1:28:59]} 10. Na3 {[%clk 1:23:25]} Bc6
{[%clk 1:21:38]} 11. Re1 {[%clk 1:23:11]} Qb6 {[%clk 1:19:20]} 12. Bg5
{[%clk 1:19:26]} Ng4 {[%clk 1:17:35]} 13. Bh4 {[%clk 1:08:00]} Be7
{[%clk 1:16:06]} 14. Qd2 {[%clk 1:07:58]} f6 {[%clk 1:11:48]} 15. cxb5
{[%clk 1:03:56]} axb5 {[%clk 1:05:58]} 16. Nc2 {[%clk 1:04:19]} Qb7
{[%clk 0:59:53]} 17. Qe2 {[%clk 1:04:08]} O-O {[%clk 0:48:30]} 18. Nb4
{[%clk 1:02:53]} d5 {[%clk 0:37:04]} 19. Nxc6 {[%clk 0:58:21]} Qxc6
{[%clk 0:37:27]} 20. h3 {[%clk 0:51:32]} dxe4 {[%clk 0:33:23]} 21. Qxe4
{[%clk 0:51:48]} Qxe4 {[%clk 0:33:24]} 22. Rxe4 {[%clk 0:52:14]} Nh6
{[%clk 0:31:25]} 23. Nxe5 {[%clk 0:52:30]} Nf5 {[%clk 0:29:26]} 24. Nf3
{[%clk 0:51:53]} Ra4 {[%clk 0:24:58]} 25. Re2 {[%clk 0:49:23]} Rfa8
{[%clk 0:22:20]} 26. g4 {[%clk 0:45:51]} Nxh4 {[%clk 0:21:43]} 27. Nxh4
{[%clk 0:46:16]} Bf8 {[%clk 0:22:06]} 28. a3 {[%clk 0:30:08]} b4 {[%clk 0:22:31]}
29. Kg2 {[%clk 0:30:30]} bxa3 {[%clk 0:22:55]} 30. bxa3 {[%clk 0:30:55]} Rxa3
{[%clk 0:23:21]} 31. Rxa3 {[%clk 0:31:21]} Rxa3 {[%clk 0:23:46]} 32. Nf5
{[%clk 0:31:46]} Ra8 {[%clk 0:24:09]} 33. Rc2 {[%clk 0:31:56]} Ra7
{[%clk 0:23:52]} 34. Nd4 {[%clk 0:31:07]} Kf7 {[%clk 0:24:15]} 35. Nf5
{[%clk 0:30:39]} Kg8 {[%clk 0:24:35]} 36. Nd4 {[%clk 0:31:04]} Kf7
{[%clk 0:25:02]} 37. Nf5 {[%clk 0:31:24]} Kg8 {[%clk 0:25:27]} 1/2-1/2

[Event "Russian Team Championships 2014 (men)"]
[Site "Sochi (Loo)"]
[Date "2014.04.09"]
[Round "3.25"]
[White "Fedoseev, Vladimir"]
[Black "Prizant, Jaroslav"]
[Result "1/2-1/2"]
[LiveChessVersion "1.4.2"]
[BlackElo "2521"]
[WhiteElo "2663"]
[BlackTeam "Moscow region"]
[WhiteTeam "Club Chigorin"]

1. e4 {[%clk 1:30:43]} c5 {[%clk 1:30:57]} 2. Nf3 {[%clk 1:30:55]} d6
{[%clk 1:31:24]} 3. Bb5+ {[%clk 1:30:06]} Nd7 {[%clk 1:31:50]} 4. c3
{[%clk 1:30:18]} Ngf6 {[%clk 1:31:07]} 5. d3 {[%clk 1:29:53]} a6 {[%clk 1:29:47]}
6. Ba4 {[%clk 1:30:15]} e5 {[%clk 1:29:44]} 7. O-O {[%clk 1:30:31]} Be7
{[%clk 1:30:12]} 8. Nbd2 {[%clk 1:30:40]} O-O {[%clk 1:30:20]} 9. Re1
{[%clk 1:31:05]} b5 {[%clk 1:30:04]} 10. Bc2 {[%clk 1:31:25]} Re8
{[%clk 1:29:11]} 11. Nf1 {[%clk 1:10:46]} Bb7 {[%clk 1:28:16]} 12. a3
{[%clk 1:00:46]} Bf8 {[%clk 1:27:39]} 13. c4 {[%clk 0:59:59]} g6 {[%clk 1:23:44]}
14. Bd2 {[%clk 0:55:15]} Nh5 {[%clk 1:05:58]} 15. Ne3 {[%clk 0:50:31]} Nf4
{[%clk 1:01:41]} 16. b4 {[%clk 0:50:04]} Ne6 {[%clk 0:46:43]} 17. Rb1
{[%clk 0:39:42]} Nd4 {[%clk 0:40:05]} 18. a4 {[%clk 0:37:13]} cxb4
{[%clk 0:34:29]} 19. axb5 {[%clk 0:37:20]} a5 {[%clk 0:33:51]} 20. Nxd4
{[%clk 0:36:43]} exd4 {[%clk 0:33:22]} 21. Nf1 {[%clk 0:37:12]} Nc5
{[%clk 0:30:28]} 22. Ng3 {[%clk 0:36:10]} Bg7 {[%clk 0:26:23]} 23. f4
{[%clk 0:36:20]} Bc8 {[%clk 0:08:23]} 24. Qf3 {[%clk 0:36:08]} Ra7
{[%clk 0:08:06]} 25. f5 {[%clk 0:35:58]} Qh4 {[%clk 0:06:46]} 26. Rf1
{[%clk 0:33:47]} Be5 {[%clk 0:03:57]} 27. Qd1 {[%clk 0:30:49]} gxf5
{[%clk 0:02:39]} 28. exf5 {[%clk 0:31:13]} Bb7 {[%clk 0:02:03]} 29. Be1
{[%clk 0:26:43]} Kh8 {[%clk 0:01:24]} 30. f6 {[%clk 0:26:27]} Rg8
{[%clk 0:01:06]} 31. Rf5 {[%clk 0:26:43]} Qg4 {[%clk 0:01:00]} 32. Qxg4
{[%clk 0:25:13]} Rxg4 {[%clk 0:01:29]} 33. Bd2 {[%clk 0:23:43]} Bxg3
{[%clk 0:00:42]} 34. hxg3 {[%clk 0:24:06]} Rxg3 {[%clk 0:01:09]} 35. Rf2
{[%clk 0:24:16]} Rg6 {[%clk 0:00:35]} 36. Bf4 {[%clk 0:24:40]} Rxf6
{[%clk 0:00:35]} 37. Be5 {[%clk 0:25:04]} dxe5 {[%clk 0:01:03]} 38. Rxf6
{[%clk 0:25:25]} Kg7 {[%clk 0:01:03]} 39. Rbf1 {[%clk 0:25:48]} Ba8
{[%clk 0:00:46]} 40. Rb6 {[%clk 0:53:14]} a4 {[%clk 0:30:38]} 41. Rb8
{[%clk 0:51:41]} b3 {[%clk 0:11:19]} 1/2-1/2

[Event "Russian Team Championships 2014 (men)"]
[Site "Sochi (Loo)"]
[Date "2014.04.09"]
[Round "3.26"]
[White "Chernobay, Artem"]
[Black "Goganov, Aleksey"]
[Result "1/2-1/2"]
[LiveChessVersion "1.4.2"]
[BlackElo "2587"]
[WhiteElo "2501"]
[BlackTeam "Club Chigorin"]
[WhiteTeam "Moscow region"]

1. e4 {[%clk 1:30:58]} e5 {[%clk 1:30:47]} 2. Nf3 {[%clk 1:31:21]} Nc6
{[%clk 1:31:09]} 3. Bb5 {[%clk 1:31:44]} Nf6 {[%clk 1:31:28]} 4. O-O
{[%clk 1:30:47]} Nxe4 {[%clk 1:31:51]} 5. Re1 {[%clk 1:31:06]} Nd6
{[%clk 1:32:12]} 6. Nxe5 {[%clk 1:31:29]} Be7 {[%clk 1:32:33]} 7. Bd3
{[%clk 1:30:18]} O-O {[%clk 1:15:01]} 8. Nc3 {[%clk 1:30:18]} Nxe5
{[%clk 1:14:52]} 9. Rxe5 {[%clk 1:30:42]} c6 {[%clk 1:13:44]} 10. b3
{[%clk 1:29:20]} Ne8 {[%clk 1:11:54]} 11. Bb2 {[%clk 1:28:57]} d5
{[%clk 1:05:13]} 12. Qf3 {[%clk 1:27:43]} Bf6 {[%clk 1:04:40]} 13. Re2
{[%clk 1:27:13]} Nc7 {[%clk 1:02:17]} 14. Na4 {[%clk 1:23:28]} Bxb2
{[%clk 1:00:43]} 15. Nxb2 {[%clk 1:23:54]} Ne6 {[%clk 0:59:37]} 16. c3
{[%clk 1:22:43]} Qd6 {[%clk 0:49:33]} 17. Bc2 {[%clk 1:19:35]} Bd7
{[%clk 0:48:09]} 18. d4 {[%clk 0:55:53]} Rae8 {[%clk 0:47:46]} 19. Rae1
{[%clk 0:55:53]} f6 {[%clk 0:40:36]} 20. h4 {[%clk 0:52:56]} Qf4 {[%clk 0:32:24]}
21. Qxf4 {[%clk 0:41:23]} Nxf4 {[%clk 0:32:49]} 22. Rxe8 {[%clk 0:41:48]} Rxe8
{[%clk 0:33:12]} 23. Rxe8+ {[%clk 0:42:13]} Bxe8 {[%clk 0:33:38]} 24. Kf1
{[%clk 0:42:33]} Bg6 {[%clk 0:33:50]} 25. Bxg6 {[%clk 0:42:56]} hxg6
{[%clk 0:34:15]} 26. g3 {[%clk 0:43:10]} Ne6 {[%clk 0:34:40]} 27. Ke2
{[%clk 0:43:20]} Kf7 {[%clk 0:34:25]} 28. Nd3 {[%clk 0:43:05]} g5
{[%clk 0:33:57]} 29. hxg5 {[%clk 0:42:41]} Nxg5 {[%clk 0:34:23]} 30. f3
{[%clk 0:42:45]} Ne6 {[%clk 0:32:44]} 31. Ke3 {[%clk 0:42:52]} Ke7
{[%clk 0:31:52]} 32. Nf4 {[%clk 0:38:21]} Nxf4 {[%clk 0:32:11]} 33. Kxf4
{[%clk 0:38:46]} g6 {[%clk 0:32:36]} 34. g4 {[%clk 0:38:21]} Ke6 {[%clk 0:32:46]}
35. Ke3 {[%clk 0:38:22]} g5 {[%clk 0:33:11]} 36. f4 {[%clk 0:38:42]} Kd6
{[%clk 0:33:31]} 37. fxg5 {[%clk 0:38:58]} fxg5 {[%clk 0:33:57]} 38. Kd3
{[%clk 0:39:24]} b5 {[%clk 0:34:07]} 39. b4 {[%clk 0:39:44]} Ke6 {[%clk 0:34:33]}
40. Ke3 {[%clk 1:10:11]} Kd6 {[%clk 1:04:59]} 41. Kd3 {[%clk 1:10:22]} Ke5
1/2-1/2

[Event "Russian Team Championships 2014 (men)"]
[Site "Sochi (Loo)"]
[Date "2014.04.10"]
[Round "4.8"]
[White "Vitiugov, Nikita"]
[Black "Tomashevsky, Evgeny"]
[Result "1/2-1/2"]
[LiveChessVersion "1.4.2"]
[BlackElo "2697"]
[WhiteElo "2747"]
[BlackTeam "Ugra"]
[WhiteTeam "SPBSHF"]

1. d4 {[%clk 1:30:42]} d5 {[%clk 1:30:49]} 2. c4 {[%clk 1:30:22]} c6
{[%clk 1:31:13]} 3. Nf3 {[%clk 1:30:33]} Nf6 {[%clk 1:31:35]} 4. e3
{[%clk 1:29:55]} Bg4 {[%clk 1:30:21]} 5. Qb3 {[%clk 1:29:15]} Qb6
{[%clk 1:29:29]} 6. Nc3 {[%clk 1:29:13]} e6 {[%clk 1:29:11]} 7. Nh4
{[%clk 1:28:23]} Bh5 {[%clk 1:28:32]} 8. h3 {[%clk 1:28:22]} Be7 {[%clk 1:25:34]}
9. g4 {[%clk 1:27:50]} Bg6 {[%clk 1:25:48]} 10. Nxg6 {[%clk 1:26:56]} hxg6
{[%clk 1:26:16]} 11. Bg2 {[%clk 1:26:43]} g5 {[%clk 1:25:23]} 12. O-O
{[%clk 1:23:40]} Nbd7 {[%clk 1:23:31]} 13. Rd1 {[%clk 1:21:41]} Rd8
{[%clk 1:04:37]} 14. Bd2 Nf8 {[%clk 1:00:20]} 15. Qxb6 {[%clk 1:00:41]} axb6
{[%clk 1:00:13]} 16. a4 {[%clk 1:00:16]} dxc4 {[%clk 0:50:31]} 17. a5
{[%clk 0:58:16]} bxa5 {[%clk 0:48:30]} 18. Rxa5 {[%clk 0:58:11]} Ng6
{[%clk 0:48:48]} 19. Ra7 {[%clk 0:53:26]} Rd7 {[%clk 0:41:57]} 20. Na4
{[%clk 0:41:03]} Nd5 {[%clk 0:41:02]} 21. Ba5 {[%clk 0:39:46]} b6
{[%clk 0:20:24]} 22. Bxb6 {[%clk 0:37:23]} Rxa7 {[%clk 0:20:48]} 23. Bxa7
{[%clk 0:37:47]} O-O {[%clk 0:21:14]} 24. Nb6 {[%clk 0:27:32]} Nxb6
{[%clk 0:21:12]} 25. Bxb6 {[%clk 0:27:55]} Rb8 {[%clk 0:21:39]} 26. Ba5
{[%clk 0:24:01]} Rxb2 {[%clk 0:21:36]} 27. Bxc6 {[%clk 0:22:51]} Bb4
{[%clk 0:22:01]} 28. Bxb4 {[%clk 0:17:17]} Rxb4 {[%clk 0:21:50]} 29. Ra1
{[%clk 0:14:30]} c3 {[%clk 0:12:17]} 30. Rc1 {[%clk 0:13:00]} Rb3
{[%clk 0:11:03]} 31. Be4 {[%clk 0:12:16]} Nf8 {[%clk 0:10:12]} 32. Kf1
{[%clk 0:10:36]} Nd7 {[%clk 0:09:54]} 33. Bc2 {[%clk 0:10:05]} Rb2
{[%clk 0:08:37]} 34. Bd1 {[%clk 0:06:34]} Nf6 {[%clk 0:07:45]} 35. Bf3
{[%clk 0:06:39]} Rb3 {[%clk 0:07:11]} 36. Ke2 {[%clk 0:06:51]} Rb2+
{[%clk 0:07:16]} 37. Ke1 {[%clk 0:07:10]} Rb3 {[%clk 0:07:44]} 38. Ke2
{[%clk 0:06:26]} Rb2+ {[%clk 0:08:00]} 39. Ke1 {[%clk 0:06:48]} Rb3
{[%clk 0:08:16]} 40. Bc6 {[%clk 0:31:02]} Kf8 {[%clk 0:36:57]} 41. Rc2
{[%clk 0:28:49]} Ke7 {[%clk 0:32:31]} 42. Ke2 {[%clk 0:28:17]} Kd6
{[%clk 0:28:42]} 43. Bg2 {[%clk 0:27:36]} e5 {[%clk 0:26:40]} 44. Kd3
{[%clk 0:27:08]} exd4 {[%clk 0:26:00]} 45. exd4 {[%clk 0:19:29]} Ra3
{[%clk 0:17:58]} 46. Rxc3 {[%clk 0:17:10]} Rxc3+ {[%clk 0:18:11]} 47. Kxc3
{[%clk 0:17:37]} Ng8 {[%clk 0:17:34]} 48. Kd3 {[%clk 0:15:44]} Ne7
{[%clk 0:17:48]} 49. Be4 {[%clk 0:16:04]} f6 {[%clk 0:17:59]} 50. Ke3
{[%clk 0:16:09]} Nc8 {[%clk 0:17:30]} 51. Kf3 {[%clk 0:15:16]} Ne7
{[%clk 0:17:11]} 52. Ke2 {[%clk 0:14:37]} Ke6 {[%clk 0:16:43]} 53. Ke3
{[%clk 0:13:47]} Kd6 {[%clk 0:17:07]} 54. f4 {[%clk 0:10:25]} gxf4+
{[%clk 0:15:51]} 55. Kxf4 {[%clk 0:10:53]} g5+ {[%clk 0:16:14]} 56. Kf3
{[%clk 0:10:46]} Kc7 {[%clk 0:11:22]} 57. Bd3 {[%clk 0:10:49]} Nc8
{[%clk 0:10:42]} 58. Bf5 {[%clk 0:07:36]} Nd6 {[%clk 0:11:02]} 59. Be6
{[%clk 0:06:15]} Kd8 {[%clk 0:11:24]} 60. Ke4 1/2-1/2

[Event "Russian Team Championships 2014 (men)"]
[Site "Sochi (Loo)"]
[Date "2014.04.10"]
[Round "4.11"]
[White "Rublevsky, Sergei"]
[Black "Matlakov, Maxim"]
[Result "1/2-1/2"]
[LiveChessVersion "1.4.2"]
[BlackElo "2690"]
[WhiteElo "2706"]
[BlackTeam "SPBSHF"]
[WhiteTeam "Ugra"]

1. e4 {[%clk 1:30:58]} e5 {[%clk 1:30:46]} 2. Nf3 {[%clk 1:31:21]} Nc6
{[%clk 1:31:10]} 3. d4 {[%clk 1:31:43]} exd4 {[%clk 1:31:32]} 4. Nxd4
{[%clk 1:32:10]} Nf6 {[%clk 1:31:56]} 5. Nc3 {[%clk 1:32:02]} Bb4
{[%clk 1:31:44]} 6. Nxc6 {[%clk 1:32:22]} bxc6 {[%clk 1:32:09]} 7. Bd3
{[%clk 1:32:49]} O-O {[%clk 1:31:41]} 8. O-O {[%clk 1:33:02]} d5 {[%clk 1:32:07]}
9. exd5 {[%clk 1:33:00]} cxd5 {[%clk 1:32:24]} 10. h3 {[%clk 1:31:48]} Rb8
{[%clk 1:28:17]} 11. Qf3 {[%clk 1:26:26]} Re8 {[%clk 1:28:10]} 12. Bg5
{[%clk 1:12:00]} c6 {[%clk 1:21:13]} 13. Ne2 {[%clk 1:09:00]} Bd6
{[%clk 1:11:53]} 14. Nd4 {[%clk 1:06:14]} Bd7 {[%clk 1:09:20]} 15. Rae1
{[%clk 1:01:22]} Be5 {[%clk 0:50:51]} 16. Rxe5 {[%clk 0:47:34]} Rxe5
{[%clk 0:51:16]} 17. Bf4 {[%clk 0:48:01]} Re8 {[%clk 0:41:38]} 18. Bxb8
{[%clk 0:46:30]} Qxb8 {[%clk 0:41:56]} 19. b3 {[%clk 0:45:45]} c5
{[%clk 0:40:04]} 20. Nf5 {[%clk 0:39:57]} Qe5 {[%clk 0:37:23]} 21. Ne3
{[%clk 0:38:48]} g6 {[%clk 0:31:39]} 22. Rd1 {[%clk 0:26:09]} Kg7
{[%clk 0:30:24]} 23. Nf1 {[%clk 0:24:05]} a5 {[%clk 0:23:16]} 24. Qe3
{[%clk 0:20:34]} Qc3 {[%clk 0:19:46]} 25. Qd2 {[%clk 0:19:45]} Qxd2
{[%clk 0:18:32]} 26. Nxd2 {[%clk 0:20:02]} a4 {[%clk 0:18:58]} 27. Kf1
{[%clk 0:19:02]} Ra8 {[%clk 0:18:14]} 28. Rb1 {[%clk 0:16:53]} axb3
{[%clk 0:17:57]} 29. axb3 {[%clk 0:17:18]} Ra2 {[%clk 0:17:47]} 30. Ke2
{[%clk 0:11:54]} Be6 {[%clk 0:14:10]} 31. Kd1 {[%clk 0:10:24]} Nd7
{[%clk 0:13:10]} 32. Nf3 {[%clk 0:08:42]} Kf6 {[%clk 0:13:01]} 33. Kd2
{[%clk 0:07:46]} Ne5 {[%clk 0:11:15]} 34. Nxe5 {[%clk 0:05:18]} Kxe5
{[%clk 0:11:34]} 35. Re1+ {[%clk 0:04:39]} Kd4 {[%clk 0:04:48]} 36. Re3
{[%clk 0:04:14]} c4 {[%clk 0:04:40]} 37. bxc4 {[%clk 0:04:35]} dxc4
{[%clk 0:05:07]} 38. Be2 {[%clk 0:04:16]} Ra1 {[%clk 0:04:14]} 39. c3+
{[%clk 0:02:46]} Kd5 {[%clk 0:04:00]} 40. Bf3+ {[%clk 0:32:07]} Kd6
{[%clk 0:34:18]} 41. Re2 {[%clk 0:25:44]} Rf1 {[%clk 0:30:34]} 42. Ke3
{[%clk 0:24:10]} Rc1 {[%clk 0:30:38]} 43. Kd2 {[%clk 0:24:06]} Rf1
{[%clk 0:31:02]} 44. Ke3 {[%clk 0:24:29]} Rc1 {[%clk 0:31:27]} 45. Ke4 Ke5+
1/2-1/2